Southville International School and Colleges
Your cart is empty.
  • Cart
  • Lists
    Public lists Eva Luna New books Lux_list list_1
    Your lists Log in to create your own lists
  • Log in to your account
  • Your cookies
  • Search history
Southville International School and Colleges
  • Advanced search
  • Recent comments
  • Most popular
  • Libraries

Log in to your account

Log in with GOOGLE


If you do not have an external account, but do have a local account, you can still log in:

  1. Home
  2. MARC view: Fundamentals of Logic Design /.
Normal view MARC view ISBD view

Fundamentals of Logic Design /. (Record no. 20654)

[ view plain ]
MARC details
000 -LEADER
fixed length control field 00536nam a2200193 a 4500
005 - DATE AND TIME OF LATEST TRANSACTION
control field 20140310183244.0
008 - FIXED-LENGTH DATA ELEMENTS--GENERAL INFORMATION
fixed length control field 040802s19uu xx 00 eng d
020 ## - INTERNATIONAL STANDARD BOOK NUMBER
International Standard Book Number 9812523244
050 ## - LIBRARY OF CONGRESS CALL NUMBER
Classification number TK 7868.L6
Item number .R67 2004
100 ## - MAIN ENTRY--PERSONAL NAME
Personal name Roth, Charles H. Jr.
245 ## - TITLE STATEMENT
Title Fundamentals of Logic Design /.
Statement of responsibility, etc Charles H. Roth jr.
260 ## - PUBLICATION, DISTRIBUTION, ETC. (IMPRINT)
Place of publication, distribution, etc Australia :
Name of publisher, distributor, etc Thomson Learning,
Date of publication, distribution, etc 2004.
300 ## - PHYSICAL DESCRIPTION
Extent 687 p. :
Other physical details ill. ;
Dimensions 25 cm.
521 ## - TARGET AUDIENCE NOTE
Target audience note
650 ## - SUBJECT ADDED ENTRY--TOPICAL TERM
Topical term or geographic name as entry element Logic circuits.
650 ## - SUBJECT ADDED ENTRY--TOPICAL TERM
Topical term or geographic name as entry element Logic design.
942 ## - ADDED ENTRY ELEMENTS (KOHA)
Koha item type Books
Source of classification or shelving scheme Library of Congress Classification
Call number prefix Foreign
Holdings
Withdrawn status Lost status Source of classification or shelving scheme Damaged status Home library Current library Shelving location Date acquired Source of acquisition Cost, normal purchase price Total Checkouts Total Renewals Full call number Barcode Date last seen Date checked out Copy number Price effective from Koha item type
    Library of Congress Classification   College Library College Library General Circulation Section 08/02/2004   932.00 1 7 TK 7868.L6 .R67 2004 C5104 05/15/2018 11/06/2015 1 10/10/2013 Books

Fundamentals of Logic Design /.

APA

Roth C. H. J., . (2004). Fundamentals of Logic Design. Australia: Thomson Learning.

Chicago

Roth Charles H Jr, . 2004. Fundamentals of Logic Design. Australia: Thomson Learning.

Harvard

Roth C. H. J., . (2004). Fundamentals of Logic Design. Australia: Thomson Learning.

MLA

Roth Charles H Jr, . Fundamentals of Logic Design. Australia: Thomson Learning. 2004.

  • Place hold
  • Print
  • Cite
  • Add to your cart (remove)
  • Save record
    BIBTEX Dublin Core MARCXML MARC (non-Unicode/MARC-8) MARC (Unicode/UTF-8) MARC (Unicode/UTF-8, Standard) MODS (XML) RIS
  • More searches
    Search for this title in:
    Other Libraries (WorldCat) Other Databases (Google Scholar) Online Stores (Bookfinder.com) Open Library (openlibrary.org)

Exporting to Dublin Core...

SOUTHVILLE LIBRARY

Southville International School and Colleges Library

1281 Tropical Ave. Cor. Luxembourg St., BF Homes International, Las Pinas City

Tel. No. 8256374 / 252358 Loc. 117/146

Powered by Koha